• 首页
  • 本馆介绍
  • 公告通知
  • 最新文献
  • 馆藏检索
  • 电子资源
  • 读者导购
  • 参考咨询
  • 我的图书馆
  • 登录
  • 详细信息显示
  • 放入我的书架
  • 预约/预借图书
  • 作者相关作品
  • 分类相关作品
  • 丛书相关作品
  • 出版社相关作品

书目信息

  • 表格格式
  • 工作单格式
  • 卡片格式
题名:
黑白大清
    
 
作者: 张程 著
分册:  
出版信息: 桂林   漓江出版社  2017.06
页数: 246页
开本: 23cm
丛书名: 史说新语
单 册:
中图分类: K249.09
科图分类:
主题词: 清代--qing dai--古代史--通俗读物
电子资源:
ISBN: 978-7-5407-8439-3
000 01422nam 2200277 450
001 CAL 0120172189179
005 20181203161708.51
010    @a978-7-5407-8439-3@dCNY 38.00
010    @a978-7-5407-8045-6@dCNY38.00
100    @a20170516d2017 em y0chiy50 ea
101 0  @achi
102    @aCN@b450000
105    @ay z 000yy
200 1  @a黑白大清@Ahei bai da qing@f张程著
210    @a桂林@c漓江出版社@d2017.06
215    @a246页@d23cm
225 2  @a史说新语@Ashi shuo xin yu@i帝国的慢性病@v5
314    @a张程, 浙江人, 青年学者, 副编审。北京大学2001级政治学学士、2005级外交学硕士。研究方向为中国政治制度史、古代政治史, 学术兴趣为古代政治制度变迁与得失研究, 多年来始终坚持从事政治史研究。现为中国劳动关系学院兼职教师、新华社教育培训中心兼职教师、央视“法律讲堂”主讲人。著有《制度与人情: 中国古代政治文化》《明清大案揭秘》《衙门口: 为官中国千年史》等。
330    @a本书围绕清朝的十余桩著名案件, 揭示了中国封建社会的最后一个王朝在二百六十余年的历史中, 所经历的起起落落及内在的政治弊端。这些案件中, 有涉及重大官员的财政案件, 如蒋洲亏空案, 威宁铅厂案, 福建贪腐窝案等, 也有与黑暗的政治生态脱不了干系的民间冤案, 如合州命案, 顺天乡试案, 杨乃武小白菜案等。
410  0 @12001 @a史说新语@i帝国的慢性病@v5
606 0  @a清代@Aqing dai@x古代史@j通俗读物
690    @aK249.09@v5
701  0 @a张程@Azhang cheng@4著
801  0 @aCN@b人天书店@c20170516
905    @aBZT@dK249.09@e184
906    @dCNY220.00 (6册)@n3@r1
    
    黑白大清/张程著.-桂林:漓江出版社,2017.06
    246页;23cm.-(史说新语.帝国的慢性病;5)
    
    
    ISBN 978-7-5407-8439-3:CNY 38.00
    本书围绕清朝的十余桩著名案件, 揭示了中国封建社会的最后一个王朝在二百六十余年的历史中, 所经历的起起落落及内在的政治弊端。这些案件中, 有涉及重大官员的财政案件, 如蒋洲亏空案, 威宁铅厂案, 福建贪腐窝案等, 也有与黑暗的政治生态脱不了干系的民间冤案, 如合州命案, 顺天乡试案, 杨乃武小白菜案等。
●
相关链接 在五车中查询图书 在当当中查询图书 在豆瓣中查询图书


正题名:黑白大清     索取号:K249.09/184         预约/预借

序号 登录号 条形码 馆藏地/架位号 状态 备注
1 852844   2000852844   第二书库/ [索取号:K249.09/184] 在馆    
2 852845   2000852845   第二书库/ [索取号:K249.09/184] 在馆    
3 852846   2000852846   第二书库/ [索取号:K249.09/184] 在馆    
山东省滨州职业学院图书馆 欢迎您!
大连网信软件有限公司© 版权所有